| 000 | 01227cam a22003495i 4500 | ||
|---|---|---|---|
| 999 |
_c331181 _d331181 |
||
| 001 | 18551362 | ||
| 003 | NUST | ||
| 005 | 20170921111325.0 | ||
| 008 | 150402s2013 pk ab b 000 0 eng | ||
| 010 | _a 2015326157 | ||
| 020 | _a9789699251481 | ||
| 025 | _aP-E-2015326157; 24; 21 | ||
| 037 |
_bLibrary of Congress -- Islamabad Overseas Office _cRs 3500.00 |
||
| 040 |
_aDLC _beng _cDLC _erda |
||
| 042 | _alcode | ||
| 043 | _aa-pk--- | ||
| 050 | 0 | 0 | _aDS380.K34+ |
| 082 |
_a954.918 _bLIN |
||
| 100 | 1 |
_aLines, Maureen, _d1937- _eauthor. _94743 |
|
| 245 | 1 | 4 |
_aThe Kalasha of the Hindu Kush / _cMaureen Lines. |
| 250 | _aFirst edition. | ||
| 264 | 1 |
_aPakistan : _bPublisher not identified, _c2014 |
|
| 300 |
_a236 pages : _bchiefly color illustrations, map ; _c32 cm |
||
| 336 |
_atext _2rdacontent |
||
| 337 |
_aunmediated _2rdamedia |
||
| 338 |
_avolume _2rdacarrier |
||
| 504 | _aIncludes bibliographical references (pages 234-235). | ||
| 650 | 0 |
_aKalash (Pakistani people) _94739 |
|
| 650 | 0 |
_aKalash (Pakistani people) _vPictorial works. _94740 |
|
| 650 | 0 |
_aKalash (Pakistani people) _xSocial life and customs _vPictorial works. _94742 |
|
| 906 |
_a7 _bibc _corigode _d3 _encip _f20 _gy-gencatlg |
||
| 942 |
_2ddc _cBK |
||